| 000 | 00767nam a22002537a 4500 | ||
|---|---|---|---|
| 003 | dpl | ||
| 005 | 20180529170053.0 | ||
| 008 | 180529b xxu||||| |||| 00| 0 eng d | ||
| 010 | _aA-895724 | ||
| 020 | _c00.00 | ||
| 035 | _aA-895724, A-895727 | ||
| 037 | _bCen Lib/Ret | ||
| 040 |
_aDPL _bEN _c0 |
||
| 082 |
_a880.8 _bJOH |
||
| 100 |
_aJohn, George _923379 |
||
| 245 |
_aLiterary criticism and ideology / _cby George John |
||
| 260 |
_a New Delhi _bHar anand publications _c1997 |
||
| 270 |
_bNew Delhi _a364-A, Chirag Delhi _e110017 |
||
| 300 |
_a110p. _c21cm(Hb) |
||
| 500 | _a Includes bibliographical references and index | ||
| 650 |
_aGreek literature _923380 |
||
| 650 |
_aGreek fiction _923381 |
||
| 942 |
_2ddc _cEN _h880.8 _mJOH |
||
| 999 |
_c128429 _d128429 |
||